Estadísticas para Estados Confederados

Haz click aquí para intentar la prueba.

Estadísticas generales

  • Esta prueba ha sido intentada 1.468 veces
  • La puntuación promedio es 8 de 11

Estadísticas de respuestas

Estado% Correcto
Texas
87%
Florida
86%
Alabama
81%
Carolina del Sur
78%
Georgia
77%
Carolina del Norte
75%
Misisipi
75%
Virginia
72%
Luisiana
71%
Arkansas
61%
Tennessee
60%

Distribución de puntuación

Porcentaje por número respondido

Porcentaje de gente con cada puntuación

Historial de tus puntuaciones

No has intentado esta prueba.